Magyarország és Oroszország kereskedelmi kapcsolatai a rendszerváltás után, különös tekintettel az energiahordozókra

Bibliográfiai részletek
Szerző: Falusi Ákos
További közreműködők: Simon Dr. Olga
Dokumentumtípus: Diplomadolgozat
Kulcsszavak:Oroszország
Magyarország
Kereskedelmi kapcsolatok
Energiahordozók
Gazdasági helyzet
Online Access:http://dolgozattar.uni-bge.hu/484

MARC

LEADER 00000nta a2200000 i 4500
001 dolg484
005 20151008154032.0
008 150305suuuu hu om 000 hun d
040 |a BGE Dolgozattár Repozitórium  |b hun 
041 |a hu 
100 1 |a Falusi Ákos 
245 1 0 |a Magyarország és Oroszország kereskedelmi kapcsolatai a rendszerváltás után, különös tekintettel az energiahordozókra  |c Falusi Ákos  |h [elektronikus dokumentum] 
695 |a Oroszország 
695 |a Magyarország 
695 |a Kereskedelmi kapcsolatok 
695 |a Energiahordozók 
695 |a Gazdasági helyzet 
700 1 |a Simon Dr. Olga  |e ths 
856 4 0 |u http://dolgozattar.uni-bge.hu/484/1/Falusi%20%C3%81kos%20-%20Szakdolgozat-2014..pdf  |z Dokumentum-elérés